| 000 -ლიდერი |
| ფიქსირებული სიგრძის საკონტროლო ველი |
01220nam a22002297a 4500 |
| 003 - საკონტროლო ნომრის იდენტიფიკატორი |
| საკონტროლო ველი |
Ge_BSU |
| 005 - ბოლო ოპერაციის თარიღი და დრო |
| საკონტროლო ველი |
20230525150519.0 |
| 008 - ფიქსირებული სიგრძის მონაცემთა ელემენტები - ზოგადი ინფორმაცია |
| ფიქსირებული სიგრძის საკონტროლო ველი |
230525s2011 ge ||||| |||| 00| 0 geo d |
| 020 ## - წიგნის საერთაშორისო სტანდარტული ნომერი |
| International Standard Book Number |
9789941425264 |
| 041 ## - ენის კოდი |
| Language code of text/sound track or separate title |
geo |
| 080 ## - უნივერსალური ათობითი კლასიფიკაციის ინდექსი |
| Universal Decimal Classification number |
930(479.22)(092თაყაიშვილი, ე.) ლ-81 |
| 100 ## - მთავარი ჩანაწერი - პიროვნების სახელი |
| Personal name |
ლომთათიძე, გიორგი |
| 9 (RLIN) |
7691 |
| 245 ## - ცნობა სათაურის შესახებ |
| Title |
ექვთიმე თაყაიშვილი / |
| Statement of responsibility, etc |
გიორგი ლომთათიძე; მთავარი რედ. ზაზა აბზიანიძე. ეთერ ინწკირველი; დიზაინერი თეა ინწკირველი. |
| 264 ## - წარმოების, გამოცემის, დისტრიბუციის და სხვა ცნობები |
| გამოცემის, წარმოების, დისტრიბუციის... ადგილი |
თბილისი: |
| გამოცემის, წარმოების, დისტრიბუციის... სახელწოდება |
[საოჯახო ბიბ-კა], |
| გამოცემის, წარმოების, დისტრიბუციის... თარიღი |
2011. |
| 300 ## - ფიზიკური აღწერა |
| Extent |
218გვ. ; |
| Other physical details |
21სმ. |
| 501 ## - შენიშვნა თანმხლებ მასალაზე |
| With note |
სახელთა საძ.: გვ. 207-216. |
| 504 ## - BIBLIOGRAPHY, ETC. NOTE |
| Bibliography, etc |
ბიბლიოგრ. ტექსტ. შენიშვნ. |
| 653 ## - INDEX TERM--UNCONTROLLED |
| Uncontrolled term |
თაყაიშვილი, ექვთიმე, 1863-1953. |
| 653 ## - INDEX TERM--UNCONTROLLED |
| Uncontrolled term |
ქართველი ისტორიკოსები |
| 700 ## - ADDED ENTRY--PERSONAL NAME |
| Personal name |
აბზიანიძე, ზაზა |
| Relator term |
რედაქტორი |
| 9 (RLIN) |
2005 |
| 942 ## - ADDED ENTRY ELEMENTS (KOHA) |
| Source of classification or shelving scheme |
|
| Koha item type |
წიგნი |